[Event "Quebec Montcalm op 7th"]
[Site "Quebec"]
[Date "2005.??.??"]
[Round "1"]
[White "Caron, Sebastien"]
[Black "Bagramyan, Arutyun"]
[Result "1-0"]
[WhiteElo "1879"]
[BlackElo "1541"]
[PlyCount "63"]
[EventDate "2005.??.??"]
[EventType "swiss"]
[EventRounds "5"]
[EventCountry "CAN"]
[SourceTitle "EXT 2009"]
[Source "ChessBase"]
[SourceDate "2008.11.26"]
[SourceVersion "1"]
[SourceVersionDate "2008.11.26"]
[SourceQuality "1"]

1. e4 c5 2. Nf3 Nc6 3. d4 cxd4 4. Nxd4 Nf6 5. Nc3 e5 6. Ndb5 a6 7. Nd6+ Bxd6 8. Qxd6 Qa5 9. Bd2 Qb4 10. Qxb4 Nxb4 11. 0-0-0 Ng4 12. Be1 b5 13. a3 Nc6 14. Nd5 0-0 15. h3 Nh6 16. Bd2 f5 17. Bxh6 gxh6 18. exf5 Rxf5 19. f3 Rf7 20. Bd3 Ne7 21. Be4 Rb8 22. Rhe1 Bb7 23. Nxe7+ Rxe7 24. Rd6 Bxe4 25. Rxe4 h5 26. Rxa6 d5 27. Re2 Kg7 28. Rd6 d4 29. Rxd4 Kf6 30. Rd6+ Kg5 31. Re4 Rc8 32. Rd5 1-0